000 00621nam a2200217Ia 4500
005 20250508165837.0
008 008 250505s9999 xx 000 0 eng d
020 _a978-81-930944-1-9
037 _aReference
040 _aFEDL
_beng
_cFEDL
041 _aeng
_2eng
084 _a001.42, HEP/RR
_qFEDL
100 _aHepburn Alexa
_9777586
245 0 _aTranscribing for social research
260 _aLondon, UK
_bSage Publications, Inc.
_c2017
300 _axiv, 206p.
365 _aGBP
_b26.99
700 _a Bolden Galina B
_9782166
942 _cREF
_h001.42, HEP/RR
999 _c1397778
_d1397778